000 00504nam a2200181Ia 4500
008 230917s9999||||xx |||||||||||||| ||und||
020 _cGBP20
040 _e235035
_aMAIN
041 _aEnglish
082 _a615.19 A54P(4)
100 _aAulton, Michael E, ed.
245 0 _apharmaceutics: The design and manufacture of medicines
250 _a4th ed.
260 _aEdinburgh
_bElsevier
_c2013
300 _axiii, 894 p.
500 _a2398 05/10/2016 HBD16/6684 06/10/2016 Main Budget
942 _cBK
999 _c19311
_d19311